The wars of jurisprudence : clash between contractual justice and freedom of contract

Main Author: Faiz Abdullah
Language: English
Subjects:
LEADER 01084cam a2200277 7i4500
001 0000069312
005 20260102090000.0
008 220623 eng
020 |a 9789670957135 (paperback)  
090 0 0 |a KPG465   |b .F36 2017 
100 0 |a Faiz Abdullah  
245 1 4 |a The wars of jurisprudence :   |b clash between contractual justice and freedom of contract   |c Faiz Abdullah. 
264 |a Kuala Lumpur:   |b Akasaa Publishing,   |c 2017. 
300 |a 456 pages;   |c 23 cm. 
336 |a text  |2 rdacontent 
337 |a unmediated  |2 rdamedia 
338 |a volume  |2 rdacarrier 
500 |a Gift: Selangor Business School (SBS) 
650 0 |a Jurisprudence --   |z Malaysia  
650 0 |a Common law --   |z Malaysia  
650 0 |a Law --   |z Malaysia  
999 |a SBS0000624  |b BOK  |c OPEN SHELF  |e 1st Floor, Bestari Jaya 
999 |a SBS0000625  |b BOK  |c OPEN SHELF  |e 1st Floor, Bestari Jaya 
999 |a SBS0000626  |b BOK  |c OPEN SHELF  |e Selangor Business School 
999 |a SBS0001356  |b BOK  |c OPEN SHELF  |e Selangor Business School 
999 |a SBS0001357  |b BOK  |c OPEN SHELF  |e 1st Floor, Bestari Jaya